000 00476nam a2200193Ia 4500
005 20240823032045.0
008 240823s9999||||xx |||||||||||||| ||und||
041 _aENGLISH
082 _A621.4021 Q1
100 _aVijayaraghavan G K
245 0 _aEngineering Thermodynamics
250 _a7th
260 _c2011
_b"Lakshmi Publications,Nagapat"
500 _aYES
650 _aThermodynamics
_bMechanical
700 _a Sundaravalli S
942 _cBK
999 _c192538
_d192538